<?xml version="1.0" encoding="UTF-8"?>
<marc:record xmlns:marc="http://www.loc.gov/MARC21/slim">
   <marc:leader>00000nam a2200000 a 4500</marc:leader>
   <marc:datafield ind1="1" ind2=" " tag="100">
      <marc:subfield code="a">Decker, Kerstin</marc:subfield>
      <marc:subfield code="4">aut</marc:subfield>
      <marc:subfield code="e">Verfasser/-in</marc:subfield>
   </marc:datafield>
   <marc:datafield ind1=" " ind2=" " tag="653">
      <marc:subfield code="a">Landratten</marc:subfield>
   </marc:datafield>
   <marc:datafield ind1=" " ind2=" " tag="653">
      <marc:subfield code="a">Ratten</marc:subfield>
   </marc:datafield>
   <marc:datafield ind1=" " ind2=" " tag="653">
      <marc:subfield code="a">Opportunisten</marc:subfield>
   </marc:datafield>
   <marc:datafield ind1=" " ind2=" " tag="653">
      <marc:subfield code="a">Geschichte des Menschen</marc:subfield>
   </marc:datafield>
   <marc:datafield ind1=" " ind2=" " tag="653">
      <marc:subfield code="a">Wanderratten</marc:subfield>
   </marc:datafield>
   <marc:datafield ind1=" " ind2=" " tag="653">
      <marc:subfield code="a">Leseratte</marc:subfield>
   </marc:datafield>
   <marc:datafield ind1=" " ind2=" " tag="653">
      <marc:subfield code="a">Pandemie</marc:subfield>
   </marc:datafield>
   <marc:datafield ind1=" " ind2=" " tag="653">
      <marc:subfield code="a">Kosmopoliten</marc:subfield>
   </marc:datafield>
   <marc:datafield ind1=" " ind2=" " tag="653">
      <marc:subfield code="a">Kulturgeschichte</marc:subfield>
   </marc:datafield>
   <marc:datafield ind1=" " ind2=" " tag="653">
      <marc:subfield code="a">Geschichte der Menschen</marc:subfield>
   </marc:datafield>
   <marc:datafield ind1=" " ind2=" " tag="653">
      <marc:subfield code="a">Pest</marc:subfield>
   </marc:datafield>
   <marc:datafield ind1=" " ind2=" " tag="653">
      <marc:subfield code="a">Begleitratte</marc:subfield>
   </marc:datafield>
   <marc:datafield ind1=" " ind2=" " tag="653">
      <marc:subfield code="a">Rattenversuch</marc:subfield>
   </marc:datafield>
   <marc:datafield ind1=" " ind2=" " tag="653">
      <marc:subfield code="a">Allesfresser</marc:subfield>
   </marc:datafield>
   <marc:datafield ind1=" " ind2=" " tag="653">
      <marc:subfield code="a">Sintflut</marc:subfield>
   </marc:datafield>
   <marc:datafield ind1=" " ind2=" " tag="653">
      <marc:subfield code="a">Laborratte</marc:subfield>
   </marc:datafield>
   <marc:datafield ind1=" " ind2=" " tag="653">
      <marc:subfield code="a">Menschheitsgeschichte</marc:subfield>
   </marc:datafield>
   <marc:datafield ind1=" " ind2=" " tag="653">
      <marc:subfield code="a">europäische Kulturgeschichte</marc:subfield>
   </marc:datafield>
   <marc:datafield ind1=" " ind2=" " tag="653">
      <marc:subfield code="a">Wasserratten</marc:subfield>
   </marc:datafield>
   <marc:datafield ind1=" " ind2=" " tag="653">
      <marc:subfield code="a">Rattus rattus</marc:subfield>
   </marc:datafield>
   <marc:datafield ind1="0" ind2="0" tag="245">
      <marc:subfield code="a">Die Geschichte des Menschen</marc:subfield>
   </marc:datafield>
   <marc:datafield ind1="0" ind2="0" tag="245">
      <marc:subfield code="b">von einer Ratte erzählt</marc:subfield>
   </marc:datafield>
   <marc:datafield ind1="0" ind2="0" tag="245">
      <marc:subfield code="c">Kerstin Decker</marc:subfield>
   </marc:datafield>
   <marc:datafield ind1=" " ind2="1" tag="264">
      <marc:subfield code="a">Berlin</marc:subfield>
      <marc:subfield code="b">Berlin Verlag</marc:subfield>
      <marc:subfield code="c">2021</marc:subfield>
   </marc:datafield>
   <marc:datafield ind1=" " ind2=" " tag="250">
      <marc:subfield code="a">1. Auflage</marc:subfield>
   </marc:datafield>
   <marc:datafield ind1="1" ind2=" " tag="520">
      <marc:subfield code="a">Niemand hält uns Menschen den Spiegel vor. Vielleicht kann die Ratte, das »niedrigste« Tier, diese Vakanz übernehmen. Traditionell zur Fauna der Hölle gezählt, hat sie den nötigen fremden Blick und teilt mit uns eine jahrtausendealte gemeinsame Vergangenheit. Auch ist längst nicht ausgemacht, ob der Mensch oder die Ratte das erfolgreichste Säugetier der Erde ist. Beide sind Kosmopoliten, Opportunisten und Allesfresser. Eine erhellende Reise durch die Geschichte des Homo sapiens  erzählt aus einer etwas ungewohnten Perspektive, inspirierend und unterhaltsam zugleich. Von der Ratte lernen!##Rezension#»Wahrlich ein Wunderwerk ist dieses Buch!« ("neues deutschland")#»Kerstin Decker schreibt amüsant und klug über Mensch und Ratte.« ("Nürnberger Nachrichten")#»Ich habe selten in den letzten Jahren so ein witziges, kluges, fundiertes, einfallsreiches, nachdenklich machendes Buch gelesen! Das ist Superlativ, und den verdienen die 400 Seiten auch.« ("Baarftgans. Das Magazin für die Heideregion")#»Eine kluge, witzige und manchmal schmerzhafte Expedition durch die Geschichte des Homo sapiens.« ("The Pioneer Podcast &#x84;Der 8. Tag&#x93;")#»Kerstin Decker hat ein originelles Buch verfasst, seine ungewohnte Perspektive &#x96; die Ratte redet, der Mensch hört zu &#x96; verwandelt den Diskurs.« ("Lübecker Nachrichten")#»Schonungslos und bissig deckt der tierische Erzähler beim Gang durch die Jahrtausende Irrungen und Wirrungen, Eitelkeiten und Anmaßungen unserer Spezies auf. Die amüsanteste Menschheitsgeschichte seit Langem!« ("dpa-Meldung")#»Das ist ein außergewöhnliches Lesevergnügen, lehrreich und amüsant, provozierend und meinungsstark. Und geeignet, die ohnehin bröckelnde Ansicht von der &#x9b;Krone der Schöpfung&#x8b; weiter kräftig ins Wanken zu bringen.« ("Altmühl-Bote")#»Durchaus lesenswert« ("westzeit.de")#»Im Namen der Ratte verhandelt Decker die unter den Pfoten brennenden Themen unserer Zeit: Klimawandel, Rassismus, Globalisierung, Patriarchalismus. Reizvoll.« ("(A) Buchkultur - Das internationale Buchmagazin")#Rezension#»Wahrlich ein Wunderwerk ist dieses Buch!« ("neues deutschland")#»Kerstin Decker schreibt amüsant und klug über Mensch und Ratte.« ("Nürnberger Nachrichten")#»Ich habe selten in den letzten Jahren so ein witziges, kluges, fundiertes, einfallsreiches, nachdenklich machendes Buch gelesen! Das ist Superlativ, und den verdienen die 400 Seiten auch.« ("Baarftgans. Das Magazin für die Heideregion")#»Eine kluge, witzige und manchmal schmerzhafte Expedition durch die Geschichte des Homo sapiens.« ("The Pioneer Podcast &#x84;Der 8. Tag&#x93;")#»Kerstin Decker hat ein originelles Buch verfasst, seine ungewohnte Perspektive &#x96; die Ratte redet, der Mensch hört zu &#x96; verwandelt den Diskurs.« ("Lübecker Nachrichten")#»Schonungslos und bissig deckt der tierische Erzähler beim Gang durch die Jahrtausende Irrungen und Wirrungen, Eitelkeiten und Anmaßungen unserer Spezies auf. Die amüsanteste Menschheitsgeschichte seit Langem!« ("dpa-Meldung")#»Das ist ein außergewöhnliches Lesevergnügen, lehrreich und amüsant, provozierend und meinungsstark. Und geeignet, die ohnehin bröckelnde Ansicht von der &#x9b;Krone der Schöpfung&#x8b; weiter kräftig ins Wanken zu bringen.« ("Altmühl-Bote")#»Durchaus lesenswert« ("westzeit.de")#»Im Namen der Ratte verhandelt Decker die unter den Pfoten brennenden Themen unserer Zeit: Klimawandel, Rassismus, Globalisierung, Patriarchalismus. Reizvoll.« ("(A) Buchkultur - Das internationale Buchmagazin")</marc:subfield>
   </marc:datafield>
   <marc:datafield ind1=" " ind2=" " tag="020">
      <marc:subfield code="a">9783827014146</marc:subfield>
      <marc:subfield code="9">9783827014146</marc:subfield>
   </marc:datafield>
   <marc:datafield ind1=" " ind2=" " tag="041">
      <marc:subfield code="a">ger</marc:subfield>
   </marc:datafield>
   <marc:datafield ind1=" " ind2=" " tag="300">
      <marc:subfield code="a">431 Seiten</marc:subfield>
   </marc:datafield>
</marc:record>
